El proceso de internacionalización de Mango bakalárska práca

Na minha lista:
Detalhes bibliográficos
Autor principal: Hajnovičová, Katarína
Autor Corporativo: Fakulta aplikovaných jazykov EU v Bratislave. Katedra románskych a slovanských jazykov
Outros Autores: Perďochová, Jana
Formato: Livro
Idioma:espanhol
Publicado em: Bratislava 2018
Tags: Adicionar Tag
Sem tags, seja o primeiro a adicionar uma tag!

MARC

LEADER 00000nbm a2200000 4500
001 0244039
005 20181011092502.8
041 0 |a spa 
044 |a SK 
245 1 0 |a El proceso de internacionalización de Mango  |b bakalárska práca  |c Katarína Hajnovičová ; školiteľ: Jana Perďochová 
264 1 |a Bratislava  |c 2018 
300 |a 55 s. 
100 1 |a Hajnovičová, Katarína 
700 1 |a Perďochová, Jana 
710 2 |a Fakulta aplikovaných jazykov EU v Bratislave. Katedra románskych a slovanských jazykov